Ký ức Tây Nguyên : hồi ức /

Spremljeno u:
Bibliografski detalji
Glavni autor: Đặng Vũ Hiệp, Thượng tướng.
Daljnji autori: Lê Hải Triều, Đại tá (thể hiện.), Ngô Vĩnh Bình, Thượng tá (thể hiện.)
Format: Knjiga
Jezik:Vietnamese
Izdano: Hà Nội : Quân đội nhân dân, 2002.
Izdanje:In lần thứ hai có sửa chữa, bổ sung.
Teme:
Oznake: Dodaj oznaku
Bez oznaka, Budi prvi tko označuje ovaj zapis!
Thư viện lưu trữ: Mạng thư viện Đại học Đà Nẵng
LEADER 01373cam a2200373 a 4500
001 000043973
003 2120
005 20060424151511.0
008 010217b2002 vm 000 vie
020 |c 41000 
040 |a LRC  |c LRC  |d LRC 
041 0 |a vie 
082 0 4 |a 895.9283403  |b ĐĂ-H 
100 1 |a Đặng Vũ Hiệp,  |c Thượng tướng. 
245 1 0 |a Ký ức Tây Nguyên :  |b hồi ức /  |c Đặng Vũ Hiệp ; Lê Hải Triều, Ngô Vĩnh Bình (phần IV) thể hiện. 
250 |a In lần thứ hai có sửa chữa, bổ sung. 
260 |a Hà Nội :  |b Quân đội nhân dân,  |c 2002. 
300 |a 370 tr. :  |b mh. ;  |c 20,5 cm. 
630 0 4 |a Văn học Việt Nam. 
650 0 4 |a Văn học Việt  |x Hồi ức. 
700 1 |a Lê Hải Triều,  |c Đại tá,  |e thể hiện. 
700 1 |a Ngô Vĩnh Bình,  |c Thượng tá,  |e thể hiện. 
OWN |a DUT 
AVA |a UDN50  |b DUT  |c Book  |d 895.9283403 ĐĂ-H  |e available  |t Error 5001 Not defined in file expand_doc_bib_avail.  |f 3  |g 0  |h N  |i 0  |j SH  |k 1 
999 |a From the UDN01 
AVA |a UDN50  |b DUT  |c Book  |d 895.9283403 ĐĂ-H  |e available  |t Error 5001 Not defined in file expand_doc_bib_avail.  |f 3  |g 0  |h N  |i 0  |j SH  |k 1 
TYP |a Monograph 
TYP |a Printed language 
980 |a Mạng thư viện Đại học Đà Nẵng